Nirvana Songs by random line - Statistics

General Stats
  • This quiz has been taken 76 times
  • The average score is 19 of 61
Answer Stats
Hint Answer % Correct
"Oh well, whatever, nevermind" Smells Like Teen Spirit
89%
"Grandma take me home" Sliver
71%
"And if you fool yourself, you will make him happy" Sappy
65%
"I swear that I don't have a gun" Come As You Are
62%
"Sell kids for food" In Bloom
62%
"We could plant a house, we could build a tree" Breed
56%
"Chew my meat for you" Drain you
56%
"Animals i've trapped, have all become my pets" Something in the Way
53%
"Forever in debt to your priceless advice" Heart-Shaped Box
49%
"I got this friend, you see, who makes me feel" Lounge Act
49%
"Daddy's little girl ain't a girl no more" Negative Creep
49%
"My mother died every night" On a Plain
49%
"She keeps it pumping straight to my heart" Aneurysm
47%
"I'm not sad, and just maybe I'm to blame for all I've heard" Lithium
47%
"You're the queen of my heart" Love Buzz
47%
"I tried hard to have a father but instead I had a dad" Serve the Servants
47%
"She should have made her mother proud" Been a Son
45%
"Who knows? Not me" The Man Who Sold the World
42%
"Would you believe it? It's just my luck" School
40%
"I'll take advantage while you hang me out to dry" About a Girl
38%
"Here is another word that rhymes with shame" Blew
36%
"Conservative, communist, apocalyptic bastard" Downer
36%
"Amazes me, the will of instinct" Polly
36%
"Won't see them again 'til the 4th of July" Lake of Fire
35%
"You're gonna stink and burn" Rape Me
35%
"She'll come back as fire, and burn all the liars" Frances Farmer Will Have Her Revenge On Seattle
33%
"She said she'll take me anywhere" Molly's Lips
33%
"Rather be dead than cool" Stay Away
31%
"Nothing really bothers her, she just wants to love herself" You Know You're Right
31%
"In my eyes, I'm not lazy" Scoff
29%
"Sunburn, freezer burn" All Apologies
27%
"Steal the sun, fall asleep" Dumb
27%
"Never met a wise man, if so it's a woman" Territorial Pissings
25%
"Out of the sky, into the dirt" Very Ape
24%
"Don't expect me to cry" Jesus Doesn't Want Me For A Sunbeam
22%
"Give me a Leonard Cohen afterworld" Pennyroyal Tea
22%
"Her husband was a hard-working man" Where Did You Sleep Last Night
22%
"I have my own pet virus" Milk It
20%
"Nothing on the top but a bucket and a mop" Plateau
20%
"They make a living off of arts and crafts" Swap Meet
20%
"At night, a wishful godess" Hairspray Queen
18%
"The sun shines in the bedroom when you play" Son of a Gun
18%
"May day every day, my day" Tourette's
18%
"The lady I feel maternal love for cannot look me in the eyes" Paper Cuts
16%
"And he never sleeps 'cause he's got bad luck" Stain
16%
"The grass is greener over here" Verse Chorus Verse
16%
"Everyone is hollow" Dive
15%
"Wet your bed - wouldn't it be fun?" Sifting
15%
"Hate, hate your enemies" Radio Friendly Unit Shifter
13%
"I lie in the soil and fertilize mushrooms" Scentless Apprentice
13%
"And the situation wasn't quite as intense as I thought" Blandest
11%
"Congratulations you have won, it's a year's subscription of bad puns" Opinion
11%
"You could shit upon the stage, they'll be fans" Aero Zeppelin
9%
"I sense others in the room" Floyd the Barber
9%
"Don't touch the balls" Beeswax
7%
"She eats glue, how are you?" Big Cheese
7%
"Can we show our faces now?" Big Long Now
7%
"I can read, I can write" If You Must
7%
"She likes to go" Oh the Guilt
7%
"People freaking every day" Help me, I'm Hungry (Vendetagainst)
5%
"Only her tonight, until I pay" Mexican Seafood
4%
No matching quizzes found
Score Distribution
Percent of People with Each Score
Percentile by Number Answered
Your Score History
You have not taken this quiz